La inmigración y el devenir de las sociedades multiculturales: Perspectivas políticas y teóricas /
Este texto reúne algunas de las propuestas políticas y teóricas sobre la inmigración, la diversidad cultural y su gestión al interior de sociedades multiculturales para evaluar los alcances y las limitaciones de las políticas multiculturales dirigidas a valorizar la diversidad cultural y a reconocer...
Gespeichert in:
| 1. Verfasser: | |
|---|---|
| Format: | Text |
| Schlagworte: | |
| Tags: |
Tag hinzufügen
Keine Tags, Fügen Sie den ersten Tag hinzu!
|
MARC
| LEADER | 00000 a a2200000 04500 | ||
|---|---|---|---|
| 001 | 41543 | ||
| 003 | |||
| 040 | |||
| 100 | |a Pardo, María Fabiola | ||
| 245 | |a La inmigración y el devenir de las sociedades multiculturales: |b Perspectivas políticas y teóricas / |c María Fabiola Pardo | ||
| 520 | |a Este texto reúne algunas de las propuestas políticas y teóricas sobre la inmigración, la diversidad cultural y su gestión al interior de sociedades multiculturales para evaluar los alcances y las limitaciones de las políticas multiculturales dirigidas a valorizar la diversidad cultural y a reconocer derechos a las minorías. Asimismo, se propone evaluar la importancia de que estas políticas en una visión amplia de las relaciones interculturales, que contribuye a atenuar la fragmentación sociocultural y a favorecer el desarrollo de sociedades más democráticas e inclusivas. | ||
| 590 | |a DISEMINAR062011/RRA/JULIO2011 | ||
| 650 | |a 1.INMIGRACION | ||
| 650 | |a 2.PLURALISMO CULTURAL | ||
| 650 | |a 3.IDENTIDAD CULTURAL | ||
| 650 | |a 4.POLITICA CULTURAL | ||
| 650 | |a 5.CAMBIO CULTURAL | ||
| 650 | |a 6.CIUDADES | ||
| 773 | |g páginas 153-171 | ||
| 999 | |c 31153 |d 31153 | ||
